Guess the Panic! at the Disco Song Using the Lyric - Statistics

General Stats
  • This quiz has been taken 335 times
  • The average score is 13 of 38
Answer Stats
Hint Answer % Correct
Well, I'll look at it this way / I mean technically our marriage is saved I Write Sins Not Tragedies
76%
And when you think of me, am I the best you've ever had Death of a Bachelor
72%
Assembling their philosphies from pieces of broken memories This is Gospel
67%
Heroes always get remembered, but you know legends never die Emperor's New Clothes
63%
When I say shotgun, you say wedding Time to Dance
56%
This was a therapeutic chain of events Camisado
55%
Those thoughts of past lovers / They'll always haunt me House of Memories
47%
I don't mind, take your time, I've got things to do Sarah Smiles
47%
And how I let it fade away / Don't fade away Memories
45%
Did you really think I'd let you kill this chorus Lying is the Most Fun a Girl Can Have Without Taking Her Clothes Off
44%
But leaving now would be a good idea / So catch me up on getting out of here New Perspective
43%
There's no residue of a torturer inside of your eyes Crazy=Genius
41%
It looks like the end of history as we know / It's just the end of the world Nine in the Afternoon
41%
And we're all too small to talk to God / Yes we're all too smart to talk to God Behind the Sea
40%
Raindrops on roses and girls in white dresses and sleeping with roaches Build God, Then We'll Talk
38%
They're close to finding out about your girlfriend Girls/Girls/Boys
38%
Boy he was something debonair in 1979 Golden Days
38%
Let me say it one more time (tragic in the fallout) Miss Jackson
38%
But I'm thinking that my spider's dead / Lonely, lonely little life Always
31%
It's better to burn than to fade away / It's better to leave than to be replaced Nicotine
31%
I'm the narrator, and this is just the prologue The Only Difference Between Martyrdom and Suicide is Press Coverage
30%
I may never sleep tonight / As long as you're still burning bright Trade Mistakes
29%
Oh, tied up in pretty, young things / In a state of emergency / Who was I trying to be? Hallelujah
28%
Smirking between dignified sips of his dignified peach and lime daquiri But it's Better if You Do
25%
Just a beachfront of bad blood and a coast that's unclear Impossible Year
22%
Bought himself a trumpet from the Salvation Army Mad as Rabbits
22%
My percussive feet serve cobweb headaches / As a matching set of marching clocks Nearly Witches
22%
If love is not enough to put my enemies to sleep, then I'm putting out the lantern / Find your own way back home Folkin' Around
19%
I... I know why / because when I look in her eyes, I just see the skies She Had the World
19%
Oh, and the smokes in that cigarette box on the table / They just so happen to be laced. with. nitroglycerin. There's a Good Reason These Tables are Numbered, Honey, You Just Haven't Thought of it Yet
18%
She was drinking tea in the garden, under the green umbrella trees When the Day Met the Night
18%
What does it really mean to get nothing from anyone / There's a million ways it could go Ready to Go
17%
Took a market of filth / And sold it like summer The Good, the Bad, and the Dirty
16%
If I could build my house just like the Trojan horse, I'd put a statue of myself upon the shelf / Of course The Piano Knows Something I Don't Know
16%
You've got it all worked out with so little time / Memories that I'd black out if you were mine Collar Full
15%
Don't wanna call it a second chance / But when I came back, it was more of a relapse The Calendar
14%
I know it's mad, but if the world were ending, would you kiss me or just leave me Do You Know What I'm Seeing?
11%
I'm not complainin' that it's rainin' / I'm just saying that I'd like it a lot more than you'd think / If the sun would come out and sing with me I Have Friends in Holy Spaces
10%
No matching quizzes found
Score Distribution
Percent of People with Each Score
Percentile by Number Answered
Your Score History
You have not taken this quiz